[Event "Haarlem BDO-B"]
[Site "Haarlem"]
[Date "2007.??.??"]
[Round "8"]
[White "Heemskerk, Wim"]
[Black "Van Schaardenburg, Mark"]
[Result "1-0"]
[WhiteElo "2237"]
[BlackElo "2277"]
[PlyCount "97"]
[EventDate "2007.08.18"]
[EventType "tourn"]
[EventRounds "9"]
[EventCountry "NED"]
[SourceTitle "CBM 120 Extra"]
[Source "ChessBase"]
[SourceDate "2007.11.01"]
[SourceVersion "1"]
[SourceVersionDate "2007.11.01"]
[SourceQuality "1"]

1. Nf3 d6 2. d4 g6 3. c4 Bg7 4. g3 Nf6 5. Bg2 0-0 6. 0-0 c6 7. Nc3 Nbd7 8. e4 e5 9. h3 Re8 10. d5 cxd5 11. cxd5 b6 12. Re1 Ba6 13. b4 Qc7 14. Bd2 Rec8 15. b5 Bb7 16. Bf1 Nc5 17. Qb1 Qd8 18. a4 a5 19. bxa6 Bxa6 20. Nb5 Bf8 21. Qb4 Nfd7 22. Be3 Be7 23. Nd2 Qf8 24. Ra3 Bd8 25. Kh2 Nb7 26. Nc4 Ndc5 27. f4 f6 28. Bd2 Rcb8 29. h4 Bxb5 30. Qxb5 Na5 31. Nb2 Be7 32. Nd3 Qe8 33. Qxe8+ Rxe8 34. Nxc5 bxc5 35. fxe5 fxe5 36. Rb1 Bd8 37. Bh6 Be7 38. Bb5 Reb8 39. Rf1 Bf8 40. Bd2 Rb7 41. Raf3 Bg7 42. g4 Rc7 43. h5 c4 44. Bb4 Nb7 45. Bc6 Bh6 46. hxg6 Bf4+ 47. Kg2 hxg6 48. Rh3 Kg7 49. Rxf4 1-0

[Event "Leuven op 18th"]
[Site "Leuven"]
[Date "2006.11.11"]
[Round "?"]
[White "Okhotnik, Vladimir"]
[Black "Van Schaardenburg, Mark"]
[Result "1-0"]
[WhiteElo "2477"]
[BlackElo "2272"]
[PlyCount "79"]
[EventDate "2006.11.09"]
[EventType "swiss"]
[EventRounds "7"]
[EventCountry "BEL"]
[SourceTitle "CBM 115 Extra"]
[Source "ChessBase"]
[SourceDate "2007.01.10"]
[SourceVersion "1"]
[SourceVersionDate "2007.01.10"]
[SourceQuality "1"]

1. d4 Nf6 2. Nc3 c5 3. d5 e5 4. dxe6 fxe6 5. g3 Be7 6. Bg2 Nc6 7. e4 0-0 8. Nge2 d6 9. 0-0 e5 10. Bg5 Ng4 11. Bxe7 Qxe7 12. Nd5 Qf7 13. f4 Be6 14. fxe5 Qh5 15. h3 Ngxe5 16. Ndf4 Qe8 17. Qxd6 Bc4 18. b3 Bxe2 19. Nxe2 b6 20. Rxf8+ Qxf8 21. Qxf8+ Kxf8 22. Rd1 Ke7 23. Kf2 Nb4 24. Rd2 Rd8 25. Ke3 Nxa2 26. Rd5 Nc6 27. c3 Na5 28. e5 g6 29. Rxd8 Kxd8 30. Bd5 Ke7 31. Kd3 b5 32. Kc2 b4 33. c4 Kd7 34. Kb2 Nc3 35. Nxc3 bxc3+ 36. Kxc3 Nc6 37. Bxc6+ Kxc6 38. b4 a6 39. bxc5 Kxc5 40. Kb3 1-0

[Event "Leuven op 18th"]
[Site "Leuven"]
[Date "2006.11.10"]
[Round "?"]
[White "Van Schaardenburg, Mark"]
[Black "Boons, Patrick"]
[Result "1-0"]
[WhiteElo "2272"]
[BlackElo "1881"]
[PlyCount "35"]
[EventDate "2006.11.09"]
[EventType "swiss"]
[EventRounds "7"]
[EventCountry "BEL"]
[SourceTitle "CBM 115 Extra"]
[Source "ChessBase"]
[SourceDate "2007.01.10"]
[SourceVersion "1"]
[SourceVersionDate "2007.01.10"]
[SourceQuality "1"]

1. e4 d5 2. Nc3 Nf6 3. exd5 Nxd5 4. Bc4 Nxc3 5. Qf3 e6 6. Qxc3 Nd7 7. Nf3 Qf6 8. d4 h6 9. 0-0 Bd6 10. Bd2 0-0 11. Rad1 a6 12. Bd3 Nb6 13. Be4 Nd5 14. Qb3 Nf4 15. Rfe1 Rb8 16. c4 c5 17. dxc5 Bxc5 18. Bc3 1-0

[Event "Geraardsbergen op"]
[Site "Geraardsbergen"]
[Date "2003.08.15"]
[Round "3"]
[White "Buytaert, Kristof"]
[Black "Van Schaardenburg, Mark"]
[Result "1-0"]
[WhiteElo "2159"]
[BlackElo "2272"]
[PlyCount "115"]
[EventDate "2003.08.??"]
[EventType "swiss"]
[EventRounds "7"]
[EventCountry "BEL"]
[SourceTitle "EXT 2005"]
[Source "ChessBase"]
[SourceDate "2004.11.15"]
[SourceVersion "1"]
[SourceVersionDate "2004.11.15"]
[SourceQuality "1"]

1. e4 e5 2. Nf3 d6 3. d4 Qe7 4. dxe5 dxe5 5. Nc3 c6 6. Bd3 h6 7. Bd2 Qf6 8. Qe2 Ne7 9. 0-0-0 Bg4 10. h3 Bxf3 11. Qxf3 Qxf3 12. gxf3 Nd7 13. f4 exf4 14. Bxf4 Ng6 15. Bg3 Bc5 16. Rhe1 Bb4 17. Bc4 Nde5 18. Bb3 Bxc3 19. bxc3 Nf3 20. Re3 Nge5 21. Bxe5 Nxe5 22. f4 Ng6 23. Rg3 Ke7 24. f5 Ne5 25. Rxg7 Rag8 26. Rdg1 Rxg7 27. Rxg7 Kf6 28. Rg3 Rd8 29. a3 a5 30. a4 Rd7 31. Rg8 Re7 32. Rh8 Kg7 33. f6+ Kxf6 34. Rxh6+ Ng6 35. Rh5 Rxe4 36. Rxa5 Nf4 37. h4 Ne6 38. h5 Re5 39. Rxe5 Kxe5 40. Bxe6 Kxe6 41. Kd2 Kf5 42. Ke3 b6 43. Kd4 c5+ 44. Kd5 Kg5 45. Ke5 c4 46. h6 Kg6 47. Kd4 Kxh6 48. Kxc4 Kg5 49. Kd4 f5 50. Ke3 Kg4 51. Kf2 Kf4 52. c4 Ke4 53. c5 bxc5 54. c4 Ke5 55. Kf3 Kd6 56. Kf4 Kc6 57. Kxf5 Kb6 58. Ke5 1-0

[Event "BEL-chT 0102"]
[Site "Belgium"]
[Date "2002.10.16"]
[Round "11"]
[White "Van Schaardenburg, Mark"]
[Black "Tiggelman, Rene"]
[Result "1-0"]
[WhiteElo "2269"]
[BlackElo "2165"]
[PlyCount "80"]
[EventDate "2001.10.14"]
[EventType "team"]
[EventRounds "11"]
[EventCountry "BEL"]
[SourceTitle "EXT 2003"]
[Source "ChessBase"]
[SourceDate "2002.11.25"]
[SourceVersion "1"]
[SourceVersionDate "2002.11.25"]
[SourceQuality "1"]

1. e4 e6 2. Nc3 d5 3. d4 Nf6 4. Bg5 Be7 5. Bxf6 Bxf6 6. Nf3 Nc6 7. e5 Be7 8. Qd2 f6 9. Bb5 Bd7 10. 0-0 0-0 11. Rfe1 f5 12. a3 a6 13. Bf1 Be8 14. Ne2 Bh5 15. Qd3 Na5 16. Nf4 Bf7 17. Nd2 g5 18. Ne2 Be8 19. c4 c5 20. Qc3 Rc8 21. cxd5 cxd4 22. Qxd4 Bc5 23. Qd3 Bb5 24. Qf3 f4 25. Qg4 Bxf2+ 26. Kh1 exd5 27. Red1 Qe7 28. Nf3 Bd7 29. Qxg5+ Qxg5 30. Nxg5 Nb3 31. Ra2 Bg4 32. Nf3 Rfd8 33. Nxf4 d4 34. h3 Bxf3 35. gxf3 Rf8 36. Nd3 Rxf3 37. Bg2 Rff8 38. Bd5+ Kg7 39. Bxb3 Rf3 40. Bd5 Re3 1-0

[Event "EU-Cup 17th"]
[Site "Panormo"]
[Date "2001.09.26"]
[Round "4.4"]
[White "Van Schaardenburg, Mark"]
[Black "Jouhki, Yrjo Markus"]
[Result "1/2-1/2"]
[WhiteElo "2265"]
[BlackElo "2274"]
[PlyCount "73"]
[EventDate "2001.09.22"]
[EventType "team-swiss"]
[EventRounds "7"]
[EventCountry "GRE"]
[SourceTitle "CBM 084 Extra"]
[Source "ChessBase"]
[SourceDate "2001.10.26"]
[SourceVersion "1"]
[SourceVersionDate "2001.10.26"]
[SourceQuality "1"]
[WhiteTeam "Antwerpen SK"]
[BlackTeam "Joensuu SK"]
[WhiteTeamCountry "BEL"]
[BlackTeamCountry "FIN"]

1. e4 Nc6 2. Nc3 Nf6 3. f4 d5 4. e5 Nd7 5. d4 Nb6 6. Be3 h5 7. Nf3 Bg4 8. h3 Bxf3 9. Qxf3 e6 10. a3 Qd7 11. g3 Na5 12. b3 0-0-0 13. Bf2 Kb8 14. Bb5 Qc8 15. Nd1 c5 16. Qc3 Nc6 17. dxc5 d4 18. Qf3 Bxc5 19. Bxc6 Qxc6 20. Qxc6 bxc6 21. b4 Be7 22. Nb2 Rd5 23. Ke2 f6 24. exf6 gxf6 25. Kf3 e5 26. Rhe1 Kc7 27. Rac1 a5 28. c4 dxc3 29. Bxb6+ Kxb6 30. bxa5+ Kxa5 31. Rxc3 Bc5 32. Nd3 Bd6 33. fxe5 fxe5 34. Re4 Rf8+ 35. Ke2 Rg8 36. Nb2 Kb6 37. Nc4+ 1/2-1/2

[Event "Biel MTO op"]
[Site "Biel"]
[Date "2000.07.31"]
[Round "7"]
[White "Van Schaardenburg, Mark"]
[Black "Ponomariov, Boris"]
[Result "1/2-1/2"]
[WhiteElo "2267"]
[BlackElo "2460"]
[PlyCount "102"]
[EventDate "2000.07.24"]
[EventType "swiss"]
[EventRounds "11"]
[EventCountry "SUI"]
[SourceTitle "CBM 077 Extra"]
[Source "ChessBase"]
[SourceDate "2000.09.14"]
[SourceVersion "1"]
[SourceVersionDate "2000.09.14"]
[SourceQuality "1"]

1. e4 c5 2. Nc3 Nc6 3. Bb5 e5 4. Bc4 d6 5. d3 Nge7 6. Nge2 g6 7. Bg5 Bg7 8. Nd5 h6 9. Bf6 0-0 10. Nxe7+ Nxe7 11. Bxe7 Qxe7 12. Nc3 Kh8 13. Qd2 Rb8 14. a4 f5 15. 0-0-0 f4 16. h3 b6 17. g3 f3 18. g4 a6 19. Rdg1 Qd7 20. Rg3 b5 21. axb5 axb5 22. Bd5 Bb7 23. Bxb7 Rxb7 24. Qe3 b4 25. Nd1 Qf7 26. h4 Ra7 27. Kd2 Ra1 28. h5 g5 29. Rhh3 Qa2 30. Rxf3 Rf4 31. Qe2 Qb1 32. Rxf4 exf4 33. e5 Bxe5 34. d4 cxd4 35. Rd3 Qc1+ 36. Ke1 Qxb2 37. Rb3 d3 38. Rxd3 Qa2 39. Rb3 Qa8 40. f3 Bc3+ 41. Kf2 Be5 42. Kg2 Qd5 43. Nf2 Ra3 44. Rxa3 bxa3 45. Qa6 Bb2 46. c4 Qd2 47. Qc8+ Kg7 48. Qd7+ Kf6 49. Qd8+ Kf7 50. Qd7+ Kf6 51. Qd8+ Kf7 1/2-1/2

[Event "Biel MTO op"]
[Site "Biel"]
[Date "2000.07.27"]
[Round "4"]
[White "Kelecevic, Nedeljko"]
[Black "Van Schaardenburg, Mark"]
[Result "1-0"]
[WhiteElo "2414"]
[BlackElo "2267"]
[PlyCount "59"]
[EventDate "2000.07.24"]
[EventType "swiss"]
[EventRounds "11"]
[EventCountry "SUI"]
[SourceTitle "CBM 077 Extra"]
[Source "ChessBase"]
[SourceDate "2000.09.14"]
[SourceVersion "1"]
[SourceVersionDate "2000.09.14"]
[SourceQuality "1"]

1. d4 Nf6 2. c4 e5 3. dxe5 Ng4 4. Nf3 Bc5 5. e3 Nc6 6. a3 a5 7. Bd2 0-0 8. Bc3 Re8 9. Nbd2 Bf8 10. Be2 a4 11. 0-0 Ngxe5 12. Nxe5 Nxe5 13. Qc2 d5 14. Rad1 c6 15. Nf3 Bd6 16. cxd5 cxd5 17. Nxe5 Bxe5 18. Bxe5 Rxe5 19. Rd4 Qa5 20. Rc1 Bd7 21. Bf3 g6 22. Qc5 Bc6 23. h3 Qd8 24. Rcd1 Ra5 25. Qc3 Re7 26. e4 Qb6 27. exd5 Rc5 28. Qb4 Bb5 29. d6 Rd7 30. Rd5 1-0

[Event "Biel MTO op"]
[Site "Biel"]
[Date "2000.07.25"]
[Round "2"]
[White "Lappage, Jonathan"]
[Black "Van Schaardenburg, Mark"]
[Result "0-1"]
[WhiteElo "2114"]
[BlackElo "2267"]
[PlyCount "136"]
[EventDate "2000.07.24"]
[EventType "swiss"]
[EventRounds "11"]
[EventCountry "SUI"]
[SourceTitle "CBM 077 Extra"]
[Source "ChessBase"]
[SourceDate "2000.09.14"]
[SourceVersion "1"]
[SourceVersionDate "2000.09.14"]
[SourceQuality "1"]

1. e4 c5 2. Nc3 Nc6 3. f4 g6 4. Nf3 Bg7 5. Bb5 e6 6. Bxc6 bxc6 7. e5 f5 8. 0-0 Ba6 9. d3 c4 10. d4 Bf8 11. Qe2 Ne7 12. Nd2 Qb6 13. Qf2 Nd5 14. Nxd5 cxd5 15. c3 Be7 16. Nf3 Rb8 17. h3 Kd8 18. Re1 Kc7 19. Rb1 Qa5 20. Be3 Rb6 21. b4 cxb3 22. axb3 Kb8 23. b4 Qa3 24. Rec1 Bd3 25. Ra1 Qb3 26. Ne1 Be4 27. Qd2 Rc8 28. Nd3 Bxd3 29. Qxd3 Qc4 30. Qxc4 Rxc4 31. Bd2 Rcc6 32. g4 Ra6 33. gxf5 gxf5 34. Kf2 Bh4+ 35. Ke2 Rxa1 36. Rxa1 Rc8 37. Rg1 Kc7 38. Rg7 Rh8 39. Kd3 a6 40. c4 dxc4+ 41. Kxc4 Kc6 42. Be3 Be1 43. Rg1 Bh4 44. Ra1 Ra8 45. Ra5 Bd8 46. Ra2 Bb6 47. Rg2 d5+ 48. exd6 Kxd6 49. h4 Rc8+ 50. Kd3 a5 51. bxa5 Bxa5 52. Bd2 Bxd2 53. Kxd2 Kd5 54. Rg7 Kxd4 55. Rxh7 Ke4 56. Re7 Rc6 57. h5 Kxf4 58. Rg7 Ra6 59. h6 e5 60. h7 Rh6 61. Re7 e4 62. Ke2 Rh2+ 63. Kf1 Kf3 64. Kg1 Rh5 65. Rf7 f4 66. Rc7 e3 67. Rd7 e2 68. Re7 Rxh7 0-1

[Event "Biel MTO op"]
[Site "Biel"]
[Date "2000.07.24"]
[Round "1"]
[White "Van Schaardenburg, Mark"]
[Black "Shariyazdanov, Andrey"]
[Result "0-1"]
[WhiteElo "2267"]
[BlackElo "2582"]
[PlyCount "56"]
[EventDate "2000.07.24"]
[EventType "swiss"]
[EventRounds "11"]
[EventCountry "SUI"]
[SourceTitle "CBM 077 Extra"]
[Source "ChessBase"]
[SourceDate "2000.09.14"]
[SourceVersion "1"]
[SourceVersionDate "2000.09.14"]
[SourceQuality "1"]

1. e4 c5 2. Nc3 e6 3. f4 d5 4. Bb5+ Bd7 5. Qe2 dxe4 6. Nxe4 Nh6 7. Nf3 Nc6 8. Bxc6 Bxc6 9. Ne5 Rc8 10. Nxc6 Rxc6 11. b3 Be7 12. Bb2 0-0 13. 0-0-0 c4 14. d3 cxb3 15. axb3 Qa5 16. c4 b5 17. Bc3 Qb6 18. Qf2 Qb7 19. Kc2 Rb8 20. Rb1 Ra6 21. c5 b4 22. Be5 Ng4 23. Qf3 Nxe5 24. fxe5 Qd5 25. Ra1 Ra3 26. d4 Qxd4 27. Qf4 Qd5 28. Nd2 Rd8 0-1

[Event "Lost Boys op"]
[Site "Antwerp"]
[Date "1999.07.30"]
[Round "1"]
[White "Van Schaardenburg, Mark"]
[Black "Avrukh, Boris"]
[Result "0-1"]
[WhiteElo "2276"]
[BlackElo "2588"]
[PlyCount "98"]
[EventDate "1999.07.30"]
[EventType "swiss"]
[EventRounds "9"]
[EventCountry "BEL"]
[SourceTitle "EXT 2000"]
[Source "ChessBase"]
[SourceDate "1999.11.16"]
[SourceVersion "1"]
[SourceVersionDate "1999.11.16"]
[SourceQuality "1"]

1. e4 c5 2. Nc3 Nc6 3. f4 e6 4. Nf3 d5 5. Bb5 Nge7 6. d3 dxe4 7. dxe4 Qxd1+ 8. Nxd1 a6 9. Be2 Nd4 10. Nxd4 cxd4 11. c3 Nc6 12. cxd4 Nxd4 13. Bd3 Bc5 14. Be3 0-0 15. Rc1 Ba7 16. e5 Bd7 17. Bxd4 Bxd4 18. Rc4 Bb6 19. Be4 Bb5 20. Rc2 f6 21. exf6 Rxf6 22. g3 Rd8 23. Rd2 Re8 24. Nc3 Bc4 25. Kd1 Ba5 26. Bxb7 Rb8 27. Be4 Bxa2 28. Ke2 Bb3 29. Kf3 Bb4 30. Rd7 Rf7 31. Rxf7 Kxf7 32. Ra1 a5 33. Bd3 h6 34. h4 Rc8 35. Nb5 Rd8 36. Ke2 Bc2 37. Bxc2 Rd2+ 38. Kf3 Rxc2 39. Nd4 Rxb2 40. Nc6 Rb3+ 41. Kg2 Bc3 42. Rd1 a4 43. Rd7+ Kf6 44. Ne5 Bxe5 45. fxe5+ Kxe5 46. Rxg7 a3 47. Ra7 Kd4 48. Ra6 Kc3 49. Rxe6 a2 0-1

[Event "Pamplona op"]
[Site "Pamplona"]
[Date "1999.??.??"]
[Round "8"]
[White "Van Schaardenburg, Mark"]
[Black "Garbisu de Goni, Unai"]
[Result "1/2-1/2"]
[WhiteElo "2250"]
[BlackElo "2395"]
[PlyCount "120"]
[EventDate "1998.??.??"]
[EventType "swiss"]
[EventRounds "9"]
[EventCountry "ESP"]
[SourceTitle "EXT 2004"]
[Source "ChessBase"]
[SourceDate "2003.11.25"]
[SourceVersion "1"]
[SourceVersionDate "2003.11.25"]
[SourceQuality "1"]

1. e4 e5 2. Nc3 Nc6 3. Bc4 Nf6 4. d3 Bc5 5. Bg5 h6 6. Bxf6 Qxf6 7. Nf3 Nd4 8. Nd5 Nxf3+ 9. Qxf3 Qxf3 10. gxf3 Bd6 11. Rg1 c6 12. Ne3 g6 13. a4 h5 14. c3 Bc7 15. b4 d6 16. Bb3 Bd7 17. d4 d5 18. h4 exd4 19. cxd4 Bd6 20. b5 dxe4 21. fxe4 cxb5 22. Nd5 bxa4 23. Bxa4 Bxa4 24. Rxa4 0-0-0 25. Rxa7 Kb8 26. Ra4 Rhe8 27. f3 Bh2 28. Rg2 Rxd5 29. Rxh2 Rb5 30. Rha2 Re6 31. Kf2 Rb3 32. R2a3 Rxa3 33. Rxa3 Rc6 34. Kg3 Rc4 35. Rd3 Kc7 36. e5 Kd7 37. Kf4 Ke6 38. Ke4 f6 39. exf6 Kxf6 40. Rb3 Rc7 41. Rb6+ Kf7 42. d5 Re7+ 43. Kd4 Rd7 44. Ke5 Re7+ 45. Kd6 Kf6 46. Rb4 Re3 47. Rf4+ Kg7 48. Kd7 b5 49. d6 b4 50. Rxb4 Rxf3 51. Re4 Kf6 52. Re6+ Kf7 53. Re7+ Kf6 54. Ke8 Ra3 55. d7 Ra8+ 56. d8Q Rxd8+ 57. Kxd8 g5 58. hxg5+ Kxg5 59. Kd7 h4 60. Kd6 Kf4 1/2-1/2

[Event "BEL-chT 9798"]
[Site "Antwerp"]
[Date "1998.??.??"]
[Round "10"]
[White "Van der Stricht, Geert"]
[Black "Van Schaardenburg, Mark"]
[Result "1/2-1/2"]
[WhiteElo "2260"]
[BlackElo "2250"]
[PlyCount "31"]
[EventDate "1997.??.??"]
[EventType "team"]
[EventRounds "11"]
[EventCountry "BEL"]
[SourceTitle "EXT 1999"]
[Source "ChessBase"]
[SourceDate "1998.11.16"]
[SourceVersion "1"]
[SourceVersionDate "1998.11.16"]
[SourceQuality "1"]

1. d4 Nf6 2. Nf3 c5 3. d5 b5 4. c4 Bb7 5. a4 bxc4 6. Nc3 g6 7. e4 d6 8. Bxc4 Bg7 9. a5 0-0 10. Qe2 Ne8 11. 0-0 Nc7 12. a6 Bc8 13. h3 Nd7 14. Bg5 Rb8 15. Rfd1 Rb4 16. Ra2 1/2-1/2

[Event "NED-ch52 sf"]
[Site "Enschede"]
[Date "1996.12.06"]
[Round "7"]
[White "Van Haastert, Edwin"]
[Black "Van Schaardenburg, Mark"]
[Result "1-0"]
[WhiteElo "2300"]
[BlackElo "2295"]
[PlyCount "71"]
[EventDate "1996.11.29"]
[EventType "swiss"]
[EventRounds "9"]
[EventCountry "NED"]
[SourceTitle "CBM 055 Extra"]
[Source "ChessBase"]
[SourceDate "1997.01.01"]
[SourceVersion "1"]
[SourceVersionDate "1997.01.01"]
[SourceQuality "1"]

1. e4 e5 2. Nf3 Qe7 3. Bc4 d6 4. Nc3 c6 5. 0-0 h6 6. d4 g5 7. dxe5 dxe5 8. a4 Qf6 9. Be3 Nd7 10. Qd2 Ne7 11. a5 Ng6 12. a6 b6 13. Rfd1 Be7 14. Ne2 Nh4 15. Ne1 Nf8 16. Ng3 Ne6 17. Bxe6 Bxe6 18. Qc3 Rc8 19. Nh5 Qg6 20. Qxe5 0-0 21. Bd4 Kh7 22. Ng7 Rg8 23. Nxe6 Qxe6 24. Qxe6 fxe6 25. Be3 Rgd8 26. Kf1 Bf6 27. c3 Ng6 28. Ke2 Ne5 29. Bd4 Nd7 30. Nc2 Be7 31. Be3 e5 32. Rd2 Nb8 33. Bxb6 Rxd2+ 34. Kxd2 Nxa6 35. Rxa6 axb6 36. Ra7 1-0

[Event "NED-ch52 sf"]
[Site "Enschede"]
[Date "1996.12.04"]
[Round "6"]
[White "Van Schaardenburg, Mark"]
[Black "Knoppert, Erik"]
[Result "1/2-1/2"]
[WhiteElo "2295"]
[BlackElo "2415"]
[PlyCount "117"]
[EventDate "1996.11.29"]
[EventType "swiss"]
[EventRounds "9"]
[EventCountry "NED"]
[SourceTitle "CBM 055 Extra"]
[Source "ChessBase"]
[SourceDate "1997.01.01"]
[SourceVersion "1"]
[SourceVersionDate "1997.01.01"]
[SourceQuality "1"]

1. d4 Nf6 2. Nf3 c5 3. c3 b6 4. Bg5 Bb7 5. Nbd2 d6 6. Bxf6 exf6 7. g3 g6 8. Bg2 Bg7 9. 0-0 0-0 10. dxc5 dxc5 11. Nc4 Qc7 12. Qd6 Na6 13. Qxc7 Nxc7 14. Nfd2 Bxg2 15. Kxg2 Rfd8 16. Rfd1 Rd7 17. Nf1 Rad8 18. Rxd7 Rxd7 19. e4 Kf8 20. a4 Ke7 21. Nfe3 h5 22. f4 Rd8 23. Re1 Kd7 24. Rd1+ Ke7 25. Re1 Rb8 26. Rd1 Bf8 27. Nd5+ Nxd5 28. Rxd5 Ke6 29. f5+ Ke7 30. Kf3 Bg7 31. Ke2 Rc8 32. h3 Bh6 33. Kf3 Rc6 34. Rd1 Bf8 35. g4 h4 36. e5 Bg7 37. Rd6 Rxd6 38. exd6+ Kd7 39. Ke4 Kc6 40. b4 cxb4 41. cxb4 Bf8 42. Kd4 Bxd6 43. b5+ Kd7 44. Kd5 Bf4 45. Na3 Bd6 46. Nc2 Bc5 47. Ne1 g5 48. Nd3 Ba3 49. Ne1 Bc5 50. Nc2 Kc7 51. a5 Kd7 52. a6 Kc7 53. Ne1 Kd7 54. Nd3 Ba3 55. Nf2 Bb2 56. Ne4 Ba1 57. Nd6 Bc3 58. Ne4 Ba1 59. Nd6 1/2-1/2

[Event "NED-ch52 sf"]
[Site "Enschede"]
[Date "1996.12.02"]
[Round "4"]
[White "Van Schaardenburg, Mark"]
[Black "Ellenbroek, Ton"]
[Result "1-0"]
[WhiteElo "2295"]
[BlackElo "2095"]
[PlyCount "103"]
[EventDate "1996.11.29"]
[EventType "swiss"]
[EventRounds "9"]
[EventCountry "NED"]
[SourceTitle "CBM 055 Extra"]
[Source "ChessBase"]
[SourceDate "1997.01.01"]
[SourceVersion "1"]
[SourceVersionDate "1997.01.01"]
[SourceQuality "1"]

1. e4 e5 2. Nc3 Nc6 3. Bc4 Nf6 4. a3 Nxe4 5. Nxe4 d5 6. Bd3 dxe4 7. Bxe4 g6 8. Nf3 Bg7 9. Bxc6+ bxc6 10. d3 0-0 11. 0-0 Rb8 12. Rb1 Bf5 13. Nd2 Qd5 14. f3 g5 15. Ne4 h6 16. Be3 a5 17. Qd2 a4 18. h4 f6 19. Rfd1 Rfd8 20. hxg5 hxg5 21. Qc3 g4 22. Kf2 Bg6 23. Qc5 f5 24. Nc3 g3+ 25. Kxg3 Qe6 26. Kh2 Bf8 27. Qc4 Qxc4 28. dxc4 Rxd1 29. Rxd1 Rxb2 30. Rd8 Rxc2 31. Nxa4 Rxc4 32. Nb2 Rc2 33. Nd3 f4 34. Nxe5 fxe3 35. Nxg6 Kf7 36. Rxf8+ Kxg6 37. Re8 Rc3 38. a4 c5 39. Kg3 Kf5 40. a5 c4 41. Re4 Ra3 42. Rxc4 Rxa5 43. Rxc7 Re5 44. Rc1 Re8 45. Ra1 Rg8+ 46. Kh2 Rd8 47. g3 Rd2+ 48. Kg1 Ke5 49. Ra4 Rd1+ 50. Kg2 Rd2+ 51. Kh3 Rd4 52. Ra3 1-0

[Event "Ghent op 19th"]
[Site "Ghent"]
[Date "1996.??.??"]
[Round "8"]
[White "Kogan, Artur"]
[Black "Van Schaardenburg, Mark"]
[Result "1-0"]
[WhiteElo "2475"]
[BlackElo "2295"]
[PlyCount "75"]
[EventDate "1996.07.20"]
[EventType "swiss"]
[EventRounds "8"]
[EventCountry "BEL"]
[SourceTitle "EXT 2004"]
[Source "ChessBase"]
[SourceDate "2003.11.25"]
[SourceVersion "1"]
[SourceVersionDate "2003.11.25"]
[SourceQuality "1"]

1. e4 e5 2. Nc3 d6 3. f4 Nc6 4. Nf3 Bg4 5. Bb5 Nge7 6. h3 Bxf3 7. Qxf3 a6 8. Ba4 b5 9. Bb3 Nd4 10. Qf2 Nxb3 11. axb3 b4 12. Ne2 Nc6 13. 0-0 f6 14. d4 Be7 15. d5 Nb8 16. Bd2 c5 17. fxe5 dxe5 18. Ng3 g6 19. Bh6 Rg8 20. Qe2 Qd6 21. c3 bxc3 22. bxc3 Ra7 23. Ra4 Rb7 24. Qc4 Kd7 25. Be3 Rc8 26. Ra5 Rcc7 27. Ne2 Kc8 28. Nc1 Rb5 29. Rxb5 axb5 30. Qxb5 Rb7 31. Qe8+ Kc7 32. Nd3 Nd7 33. b4 Qa6 34. Nxc5 Bxc5 35. Bxc5 Nxc5 36. bxc5 Rb2 37. Qe7+ Kc8 38. Qxf6 1-0

[Event "Antwerp op"]
[Site "Antwerp"]
[Date "1996.??.??"]
[Round "2"]
[White "Van Schaardenburg, Mark"]
[Black "Van den Doel, Erik"]
[Result "0-1"]
[WhiteElo "2295"]
[BlackElo "2440"]
[PlyCount "90"]
[EventDate "1996.07.??"]
[EventType "swiss"]
[EventRounds "9"]
[EventCountry "BEL"]
[SourceTitle "EXT 1999"]
[Source "ChessBase"]
[SourceDate "1998.11.16"]
[SourceVersion "1"]
[SourceVersionDate "1998.11.16"]
[SourceQuality "1"]

1. e4 c5 2. Nc3 Nc6 3. f4 g6 4. Nf3 Bg7 5. Bc4 e6 6. f5 Nge7 7. fxe6 dxe6 8. d3 0-0 9. 0-0 Nd4 10. Kh1 Nec6 11. Bg5 f6 12. Bf4 Na5 13. Nd2 Nxc4 14. Nxc4 b5 15. Ne3 f5 16. exf5 exf5 17. Ncd5 g5 18. Bc7 Qd7 19. c4 f4 20. Nc2 Bb7 21. Ba5 b4 22. Nxd4 Bxd4 23. Qh5 Rf5 24. Rae1 Bxd5 25. cxd5 Raf8 26. Re4 Rxd5 27. Rfe1 Qf7 28. Qf3 Rd7 29. Re6 Be3 30. Qc6 Rxd3 31. Bc7 Rc8 32. Qe4 Rd4 33. Qe5 Rd7 34. Qxg5+ Qg7 35. Qxg7+ Kxg7 36. Be5+ Kg8 37. Rf6 Rf8 38. Rxf8+ Kxf8 39. g3 f3 40. h4 f2 41. Rf1 Rd2 42. Kg2 c4 43. Kf3 Bc5 44. g4 Kf7 45. h5 c3 0-1